| 000 | 00631nam a22001697a 4500 | ||
|---|---|---|---|
| 003 | OSt | ||
| 005 | 20171010095507.0 | ||
| 008 | 120810t xxu||||| |||| 00| 0 eng d | ||
| 040 |
_aMMSU _cULS |
||
| 100 |
_aCaoili, Luficina S. _911941 |
||
| 245 |
_aThe Readiness of the students in the Mariano Marcos Memorial College of Science and Technology in the use of Pilino as a medium of instruction _cLuficina S. Caoili |
||
| 260 | _c1975 | ||
| 300 |
_axiii, 73 leaves _c28 cm. |
||
| 500 | _aThesis (MA Education) -- Northern Christian College-Graduate School, Laoag City | ||
| 504 | _aBibliography: leaves 63-64 | ||
| 942 |
_2ddc _cTHEDIS |
||
| 999 |
_c9685 _d9685 |
||